América y Pedro Henríquez Ureña / (Registro nro. 27966)
[ vista simple ]
| 000 -CABECERA | |
|---|---|
| campo de control de longitud fija | 00709nam a2200241 a 4500 |
| 001 - NÚMERO DE CONTROL | |
| campo de control | 000028474 |
| 003 - IDENTIFICADOR DEL NÚMERO DE CONTROL | |
| campo de control | DO-SdBNP |
| 005 - FECHA Y HORA DE LA ÚLTIMA TRANSACCIÓN | |
| campo de control | 20250307073710.0 |
| 007 - CAMPO FIJO DE DESCRIPCIÓN FÍSICA--INFORMACIÓN GENERAL | |
| campo de control de longitud fija | ta |
| 008 - DATOS DE LONGITUD FIJA--INFORMACIÓN GENERAL | |
| campo de control de longitud fija | 110408s1994 dr 000 0 spa d |
| 040 ## - FUENTE DE LA CATALOGACIÓN | |
| Centro catalogador/agencia de origen | DO-SdBNP |
| Lengua de catalogación | spa |
| Centro/agencia transcriptor | BNPHU |
| 082 #4 - NÚMERO DE LA CLASIFICACIÓN DECIMAL DEWEY | |
| Número de documento/Ítem | F289c |
| Número de edición | 22 |
| 100 1# - ENTRADA PRINCIPAL--NOMBRE DE PERSONA | |
| Nombre de persona | Febres, Laura |
| 9 (RLIN) | 23517 |
| 245 10 - MENCIÓN DE TÍTULO | |
| Título | América y Pedro Henríquez Ureña / |
| Mención de responsabilidad, etc. | Laura Febres. |
| 260 ## - PUBLICACIÓN, DISTRIBUCIÓN, ETC. | |
| Lugar de publicación, distribución, etc. | Santo Domingo : |
| Nombre del editor, distribuidor, etc. | Imprenta ONAP, |
| Fecha de publicación, distribución, etc. | 1994. |
| 300 ## - DESCRIPCIÓN FÍSICA | |
| Extensión | iv, 21 p. ; |
| Dimensiones | 21 cm. |
| 500 ## - NOTA GENERAL | |
| Nota general | Feria Nacional del Libro Pedro Henríquez Ureña, 1992. |
| 504 ## - NOTA DE BIBLIOGRAFÍA, ETC. | |
| Nota de bibliografía, etc. | Bibliografía : p. 19-21 |
| 590 ## - NOTA LOCAL (RLIN) | |
| Nota local | Inventariado, 2020 /LP |
| 600 10 - PUNTO DE ACCESO ADICIONAL DE MATERIA--NOMBRE DE PERSONA | |
| Nombre de persona | Henríquez Ureña, Pedro, |
| Fechas asociadas al nombre | 1884-1946 |
| 9 (RLIN) | 1718 |
| 910 ## - DATOS DE OPCIÓN DEL USUARIO (OCLC) | |
| Datos de opción del usuario | Lopérez |
| 942 ## - ELEMENTOS DE PUNTO DE ACCESO ADICIONAL (KOHA) | |
| Fuente del sistema de clasificación o colocación | Dewey Decimal Classification |
| Tipo de ítem Koha | Folleto |
| Estado de retiro | Estado de pérdida | Fuente del sistema de clasificación o colocación | Restricciones de uso | No para préstamo | Código de colección | Localización permanente | Ubicación/localización actual | Ubicación en estantería | Fecha de adquisición | Fuente de adquisición | Signatura topográfica completa | Código de barras | Fecha visto por última vez | Número de copia | Precio válido a partir de | Tipo de ítem Koha | Nota pública |
|---|---|---|---|---|---|---|---|---|---|---|---|---|---|---|---|---|---|
| Dewey Decimal Classification | Préstamo en sala | Dominicana de Servicio | Biblioteca Nacional Pedro Henríquez Ureña | Biblioteca Nacional Pedro Henríquez Ureña | En catalogación | 08.04.2011 | Donación | BNPHU F289c | 28474-30 | 25.06.2020 | e. 3 | 25.06.2020 | Folleto | Perteneció a la biblioteca personal de Manuel Ortíz | |||
| Dewey Decimal Classification | Excluido de préstamo | Patrimonio Dominicano | Biblioteca Nacional Pedro Henríquez Ureña | Biblioteca Nacional Pedro Henríquez Ureña | Depósito | 08.04.2011 | BNPHU F289c | 28474-10 | 25.06.2020 | 25.06.2020 | Folleto | ||||||
| Dewey Decimal Classification | Excluido de préstamo | Patrimonio Dominicano | Biblioteca Nacional Pedro Henríquez Ureña | Biblioteca Nacional Pedro Henríquez Ureña | Depósito | 08.04.2011 | BNPHU F289c | 28474-20 | 25.06.2020 | e. 2 | 25.06.2020 | Folleto | |||||
| Dewey Decimal Classification | Préstamo en sala | Dominicana de Servicio | Biblioteca Nacional Pedro Henríquez Ureña | Biblioteca Nacional Pedro Henríquez Ureña | En catalogación | 15.12.2020 | BNPHU F289c | 2020-0748 | 15.12.2020 | e. 4 | 15.12.2020 | Folleto | |||||
| Dewey Decimal Classification | Préstamo en sala | Dominicana de Servicio | Biblioteca Nacional Pedro Henríquez Ureña | Biblioteca Nacional Pedro Henríquez Ureña | Depósito | 15.12.2020 | Donación | BNPHU F289c | 2020-0749 | 15.12.2020 | e. 5 | 15.12.2020 | Folleto |
